MDQL
is popping MORE tags! Check the
thread
!
Quizzes
Events
Quiz Creation
Community
Videos
Private Events
Remove Ads
Sign In
Join for FREE
Feedback
Dark Mode
Quiz Categories
Sports
Geography
Music
Movies
Television
Just For Fun
Miscellaneous
History
Literature
Language
Science
Gaming
Entertainment
Religion
Holiday
For Kids
Quiz Lab
Recent
Popular Today
Quiz Kudos Today
Editor Picks
Curator Picks
Quizzes by...
Day
Popularity
Type
Ratings
Length
Year
Community
Subscriptions
Recent Discussions
Orange Saloon
Badges
Playlists
Quests
Create
Leaderboards
Showdown
Live 5
Trivia Bingo
Activity
Puzzle Library
Sporcle Events
Private Events
Virtual Trivia
Globe League
Become a Host
Pub Owners
SporcleCon
Opinionation
Our Games
Videos
Blog
Mobile Apps
Partnerships
Remove Ads and Go Orange
Feedback
Television
TV Characters
TV Show
Sitcom
Network
Friends
Reality Shows
Cast
South Park
Star Trek
The Simpsons
Doctor Who
Television
TV Characters
TV Show
Sitcom
Network
Friends
Reality Shows
Cast
South Park
Star Trek
The Simpsons
Doctor Who
Random Quiz
Search Sporcle
×
Quiz Lab
Quiz Lab
Television
Dragon Ball
Type in answers that appear in a list
Type in answers that appear in a list
Classic
Best Score? Go Orange.
DBZ finishing moves (main) Stats
Can you name the More popular finishing moves of DBZ fighters??
By
sabermakin
10m
41 Questions
310 Plays
310 Plays
310 Plays
Comments
Comments
Give Quiz Kudos
Give Quiz Kudos
-
- Ratings
hide this ad
More Info
Replay
Link that replays current quiz
Next Quiz
Link to next quiz in quiz playlist
You Got
0%
They Got
Avg Score
30%
Avg Friend Score
Upgrade to see
Score Distribution
Jump to the score distribution portion of the page
Score
0/41
Timer
10:00
0
Plays Today
User
Finisher
% Correct
Goku
Spirit bomb
86.1%
Piccolo
Special beam cannon
76.5%
Vegeta
Final flash
72.3%
Vegeta
Big bang attack
68.7%
Vegeta
Super galick gun
61%
Krillin
kienzan
60.5%
Tienshinhan
Tri beam cannon
58.1%
Gohan (young)
super masenko
56%
Goku
Super dragon fist
53.2%
Yamcha
Wolf fang fist
48.9%
Gohan (teen)
Father-son kamehameha
48.1%
Piccolo
Scatter shot
43.9%
Super Perfect Cell
Super kamehameha
41.6%
Frieza
Death beam
41%
Frieza
Death ball
34.8%
Kid Buu
Majin death ball
34.8%
Goku
Warp kamehameha
31.9%
Captain Ginyu
Body change
30.6%
Gotenks
Super ghost kamikaze attack
28.1%
Gogeta
Soul punisher
27.1%
Recoome
Recoome eraser gun
27.1%
User
Finisher
% Correct
Vegito
Spirit sword
26.5%
Cooler
Supernova
25.5%
Vegeta
Final shine attack
21.9%
Gotenks
Galactic donut
19%
Majin Vegeta
Final explosion
17.4%
Bardock
Riot javelin
16.1%
Jeice/
Burter
purple flash
11.7%
Omega shenron
Negative power ball
11.6%
Baby (inside vegeta)
Revenge death ball
11.3%
Pikkon
Thunder flash
11%
Majin Buu
angry explosion
9.4%
Trunks (future)
Burning slash
8.7%
Super android 17
Shocking death ball
7.1%
Nappa
Giant storm
6.5%
Broly
Giant meteor
6.1%
Videl
Videl rush
5.5%
Majin Vegeta
Atomic blast
5.5%
Super Buu
Human genocide attack
4.8%
Perfect Cell
Perfect barrier
4.5%
Dr. Gero
Life drain
3.9%
Quiz Playlist
Details
Report
Send in Message
Add To Playlist
More Info:
includes some movie villains and GT fighters. all finishers are featured in video games! Good luck!
Classic:
Type in answers that appear in a list
Last Updated: Feb 16, 2017
Quiz Scoreboard
CHALLENGE
Sign Up to Join the Scoreboard
Show All
Scores
Hide
Comments
May contain spoilers
Recently Published
5x2 Blitz: Bands
by SL_Kpop136
Music
30s
Colored Red Africa Blitz
by spor1
Geography
30s
Find the 'City' Movie
by crazypaving
Movies
60s
More to Explore
Quiz From the Vault
Featured Blog Post
14 Easter Pick-up Lines to Find Eggs With
hide this ad
You Might Also Like...
Tags
Dragon Ball
Today's Top Quizzes in Television
Browse Television
hide this ad
Today's Top Quizzes in Dragon Ball
Browse Dragon Ball
Top Contributed Quizzes in Television
1
Survivor Journey Challenge
2
Brooklyn Nine Nine Logic Puzzle (How-To-Play)
3
Phoebe Buffay Quotes
4
One Tree Hill Logic Puzzle
5
Survivor Logic Puzzle: Heroes vs. Villains
6
Survivor Trivia
7
Game of Thrones: Tywin Lannister Start to Finish
8
All US Survivor Seasons in Order
9
Emmerdale Characters (from August 2012)
10
Survivor Trivia #6: Criteria Quiz!
Explore More
Trending Topics
Harry Potter
Crossword
Disney
Anime
Kpop
NBA
Marvel
Pokémon
Puzzle
Song
Soccer
The Office
WWE
Country
NFL
hide this ad
More By:
sabermakin
Quiz
Plays
Rating
Category
Featured
Created
DBZ finishing moves (main)
310
4.00
Television
May 4, 2012
Go to Creator's Profile
Score Distribution
Quiz Creator Spotlight
sabermakin
Follow
Send a Message
Quizzes Created
-
Created Quiz Play Count
-
More By This Creator
Popular Quizzes Today
1
Find the 'City' Movie
2
Colored Red Africa Blitz
3
Find the US States - No Outlines Minefield
4
5x2 Blitz: Bands
5
The Countries of the World
6
Find the US States
7
US States
8
9x9 Crossword: Cartoon Network
More Television Quizzes
Star Trek TNG- Pick the Q Episodes
Quiz Lab
Trending Quizzes
Colored Red Europe Blitz I
Colored Red Africa Blitz II
Colored Red Europe Blitz II
Colored Red Europe Blitz III
Colored Red Africa Blitz III
Recently Updated
Famous TV Couples
Peacemaker
Champions League XIs: Real Madrid
pecheneg
Largest US Cities 1790-2010
pecheneg
Rides in Walt Disney World
pecheneg
Most Oscar Losses (Acting)
pecheneg
Beyoncé Albums
pecheneg
Leaping Animals
pecheneg
Reality TV Shows (A-Z)
bhenderson79
Rickey Henderson's Hall of Fame Teammates
pecheneg
Champions League XIs: Arsenal
pecheneg
Trending Topics
NBA
Crossword
Harry Potter
Kpop
Anime
Disney
Marvel
Song
Pokémon
NFL
Puzzle
The Office
WWE
Country
Soccer
Your Account Isn't Verified!
In order to create a playlist on Sporcle, you need to verify the email address you used during registration. Go to your
Sporcle Settings
to finish the process.
Report this User
Report this user for behavior that violates our
Community Guidelines
.
Details:
Send Report
Go to the Sporcle.com Mobile Site →
Comments